Hartabgezwunges Cartel, An die Hinckende und Kopff-hängende Lauigkeit/ Mit ihrer falschen Neutralitæt und Phariseischen Lauerern/ ...

Saved in:  
Bibliographic Details
Main Author: Zinck, Samuel (Author)
Format: Electronic Article
Language:German
Check availability: HBZ Gateway
Interlibrary Loan:Interlibrary Loan for the Fachinformationsdienste (Specialized Information Services in Germany)
Published: 1707
In: Samuel Zink, Dr. Diener des Evangelii/ Cartel Volant. Das ist: Fliegendes Blatt, An die Lau- und Schlau-Lutherischen Evangelisten/ zum sieben-gängigen Duelliren; 1. Des Glaubens. 2. Der Hoffnung. 3. Der Liebe. 4. Der Obrigkeit. 5. Des Krieges. 6. Der Vereinigung. 7. Der Freyheit des Geistes Gottes
Year: 1707, Pages: 4
Online Access: Volltext (Langzeitarchivierung)
Parallel Edition:Non-electronic
Sammlungen:

MARC

LEADER 00000caa a2200000 c 4500
001 1724128434
003 DE-627
005 20240510203225.0
007 cr uuu---uuuuu
008 200709s1707 xx |||||o 00| ||ger c
035 |a (DE-627)1724128434 
035 |a (DE-599)KXP1724128434 
040 |a DE-627  |b ger  |c DE-627  |e rda 
041 |a ger 
100 1 |e VerfasserIn  |0 (DE-588)124365957  |0 (DE-627)085815152  |0 (DE-576)294139052  |4 aut  |a Zinck, Samuel 
109 |a Zinck, Samuel  |a Zink, Samuel  |a Zincke, Samuel  |a Zinke, Samuel  |a Zinken, Samuel  |a Zinckius, Samuel  |a Zinkius, Samuel  |a S. Z.  |a Zincken, Samuel  |a S. Z. D. 
245 1 0 |a Hartabgezwunges Cartel, An die Hinckende und Kopff-hängende Lauigkeit/ Mit ihrer falschen Neutralitæt und Phariseischen Lauerern/ ...  |c [Samuel Zink] 
246 3 0 |a Kartell hinkende kopfhängende 
256 |a TIFF, Vers.6.0, 300 dpi, 24 bit (Farbe), Digitalisierungsvorlage: Primärausgabe 
264 1 |c 1707 
336 |a Text  |b txt  |2 rdacontent 
337 |a Computermedien  |b c  |2 rdamedia 
338 |a Online-Ressource  |b cr  |2 rdacarrier 
500 |a Verfasser im Text genannt 
500 |a Kopftitel 
533 |a Online-Ausgabe  |b Halle, Saale  |c Universitäts- und Landesbibliothek Sachsen-Anhalt  |d 2020  |e 1 Online-Ressource  |f VD18 digital  |7 |2020|||||||||| 
583 1 |a Archivierung/Langzeitarchivierung gewährleistet  |x XA-DE-ST  |2 pdager  |5 DE-Ha33 
773 0 8 |i Enthalten in  |a Zinck, Samuel  |t Samuel Zink, Dr. Diener des Evangelii/ Cartel Volant. Das ist: Fliegendes Blatt, An die Lau- und Schlau-Lutherischen Evangelisten/ zum sieben-gängigen Duelliren; 1. Des Glaubens. 2. Der Hoffnung. 3. Der Liebe. 4. Der Obrigkeit. 5. Des Krieges. 6. Der Vereinigung. 7. Der Freyheit des Geistes Gottes  |d [Erscheinungsort nicht ermittelbar] : [Verlag nicht ermittelbar], 1707  |g 1707, 4 ungezählte Seiten  |h 12 ungezählte Seiten  |w (DE-627)1724128264  |7 nnam 
773 1 8 |g year:1707  |g pages:4 
776 0 8 |i Elektronische Reproduktion von  |a Zinck, Samuel  |t Hartabgezwunges Cartel, An die Hinckende und Kopff-hängende Lauigkeit/ Mit ihrer falschen Neutralitæt und Phariseischen Lauerern/ ...  |d 1707  |w (DE-627)1691310867  |k Non-Electronic 
850 |a RedVD18-DE-Ha33 
856 4 0 |u http://nbn-resolving.de/urn:nbn:de:gbv:ha33-1-192494  |x Langzeitarchivierung  |x Resolving-System  |3 Volltext  |7 1 
935 |a FRST  |a mteo 
935 |i vd18 
951 |a AR 
ELC |a 1 
LOK |0 000 xxxxxcx a22 zn 4500 
LOK |0 001 4221811862 
LOK |0 003 DE-627 
LOK |0 004 1724128434 
LOK |0 005 20240924080607 
LOK |0 008 221129||||||||||||||||ger||||||| 
LOK |0 040   |a DE-Tue135  |c DE-627  |d DE-Tue135 
LOK |0 092   |o n 
LOK |0 852   |a DE-Tue135 
LOK |0 852 1  |9 00 
LOK |0 866   |x SPQUE#Bibliothek der Franckeschen Stiftungen 
LOK |0 935   |a FRST 
LOK |0 939   |a 29-11-22  |b l01 
ORI |a SA-MARC-ixtheoa001.raw